00611nam a2200169 a 450000100100000000500170001000800410002702000150006804000250008308200180010810000300012624501080015626000550026430000280031950000570034770000370040400004267920201002040324.0140204s2001 sp a 000 0 spa d a8403092423 aDO-SdBNPbspacBNPHU axxxxxxbxxxxx1 aBastenier, Miguel Ángel10aEl Blanco Móvil :bcurso de periodismo /cMiguel Ángel Bastenier ; prólogo Joaquín Estefanía. aMadrid, :bSantillanabEdiciones el país,c2001. a260 p. :bil. ;c24 cm. aIncluye datos biográficos del autor en las solapas1 aEstefanía, Joaquín,epról.